000
00323nam a2200145Ia 4500
008
230718s9999 xx 000 0 und d
041
_a
Eng.
082
_a
310
_b
MUG-I
100
_a
Mughal, Muhammed
245
0
_a
Income Tax
260
_a
Pakistan
_b
Geo Publishers
_c
2009
300
_a
492
650
_a
Law
999
_c
29170
_d
29170